[Event "SWE-chT 1920 Elite"]
[Site "Sweden"]
[Date "2020.10.20"]
[Round "9.4"]
[White "Miezis, Normunds"]
[Black "Ong, Kezli"]
[Result "1-0"]
[WhiteElo "2492"]
[BlackElo "2314"]
[PlyCount "109"]
[EventDate "2019.10.18"]
[EventType "team-tourn"]
[EventRounds "9"]
[EventCountry "SWE"]
[SourceTitle "EXT 2022"]
[Source "ChessBase"]
[SourceDate "2021.10.06"]
[SourceVersion "1"]
[SourceVersionDate "2021.10.06"]
[SourceQuality "1"]
[WhiteTeam "Vasteras"]
[BlackTeam "Farsta"]
[WhiteTeamCountry "SWE"]
[BlackTeamCountry "SWE"]

1. c4 e5 2. Nc3 Nf6 3. g3 d5 4. cxd5 Nxd5 5. Bg2 Nb6 6. Nf3 Nc6 7. 0-0 Be7 8. d3 0-0 9. a3 Be6 10. Be3 f6 11. Rc1 Qd7 12. Ne4 Nd4 13. Bxd4 exd4 14. b4 c6 15. Qc2 Rfd8 16. Rb1 Bf7 17. Nc5 Qc7 18. Nb3 Bxb3 19. Qxb3+ Kh8 20. Rfc1 Qd7 21. a4 Nd5 22. Nxd4 Nxb4 23. Ne6 Re8 24. Bh3 Qd6 25. Rc4 a5 26. Rd4 Qe5 27. Re4 Qh5 28. Rh4 Qd5 29. Qxd5 Nxd5 30. Bf5 h6 31. Rxb7 Rab8 32. Ra7 Ra8 33. Rd7 Nb6 34. Rc7 Rac8 35. Re4 Nd5 36. Rxc8 Rxc8 37. Nxg7 Rb8 38. Nh5 Bf8 39. Re6 Nc3 40. Kg2 Nxa4 41. Rxf6 Bg7 42. Rg6 Bb2 43. e3 c5 44. d4 cxd4 45. Rxh6+ Kg8 46. Be6+ Kf8 47. Rh8+ Ke7 48. Rxb8 Kxe6 49. Nf4+ Kd7 50. Nd3 Bc3 51. exd4 Bxd4 52. Rb5 Bb6 53. Ne5+ Kc7 54. Nc4 Kc6 55. Rh5 1-0

[Event "SWE-chT 1920 Elite"]
[Site "Sweden"]
[Date "2020.10.19"]
[Round "8.5"]
[White "Ong, Kezli"]
[Black "Ornstein, Axel"]
[Result "1-0"]
[WhiteElo "2314"]
[BlackElo "2297"]
[PlyCount "59"]
[EventDate "2019.10.18"]
[EventType "team-tourn"]
[EventRounds "9"]
[EventCountry "SWE"]
[SourceTitle "EXT 2022"]
[Source "ChessBase"]
[SourceDate "2021.10.06"]
[SourceVersion "1"]
[SourceVersionDate "2021.10.06"]
[SourceQuality "1"]
[WhiteTeam "Farsta"]
[BlackTeam "Eksjo"]
[WhiteTeamCountry "SWE"]
[BlackTeamCountry "SWE"]

1. e4 e5 2. Nf3 Nc6 3. Bc4 Bc5 4. d3 Nf6 5. 0-0 0-0 6. c3 d6 7. Bg5 h6 8. Bh4 a6 9. b4 Ba7 10. Nbd2 Bg4 11. h3 Bh5 12. g4 Bg6 13. Bb3 Nb8 14. Nc4 Nbd7 15. Ne3 Qe8 16. Nf5 Bxf5 17. gxf5 Kh7 18. Kh1 g5 19. Bxg5 hxg5 20. Nxg5+ Kh8 21. Qf3 d5 22. Bxd5 Nxd5 23. Qh5+ Kg7 24. Ne6+ Qxe6 25. Rg1+ Qg6 26. Rxg6+ fxg6 27. Qxg6+ Kh8 28. Qh6+ Kg8 29. Rg1+ Kf7 30. Qe6# 1-0

[Event "SWE-chT 1920 Elite"]
[Site "Sweden"]
[Date "2020.10.18"]
[Round "7.3"]
[White "Golubka, Petr"]
[Black "Ong, Kezli"]
[Result "1/2-1/2"]
[WhiteElo "2471"]
[BlackElo "2314"]
[PlyCount "112"]
[EventDate "2019.10.18"]
[EventType "team-tourn"]
[EventRounds "9"]
[EventCountry "SWE"]
[SourceTitle "EXT 2022"]
[Source "ChessBase"]
[SourceDate "2021.10.06"]
[SourceVersion "1"]
[SourceVersionDate "2021.10.06"]
[SourceQuality "1"]
[WhiteTeam "Vaxjo"]
[BlackTeam "Farsta"]
[WhiteTeamCountry "SWE"]
[BlackTeamCountry "SWE"]

1. b3 Nf6 2. Bb2 g6 3. g3 Bg7 4. Bg2 0-0 5. e3 d5 6. Ne2 c5 7. 0-0 Nc6 8. d3 e5 9. Nd2 h5 10. h3 Bf5 11. f4 e4 12. dxe4 Nxe4 13. Bxg7 Kxg7 14. Nxe4 Bxe4 15. Bxe4 dxe4 16. Nc3 Re8 17. Qe1 Qa5 18. a3 Rad8 19. g4 hxg4 20. hxg4 Ne7 21. f5 Nd5 22. f6+ Kg8 23. Nxd5 Qxe1 24. Raxe1 Rxd5 25. Kg2 Re6 26. Kg3 g5 27. c4 Rdd6 28. Rf5 Rxf6 29. Rxg5+ Kf8 30. Rxc5 Rf3+ 31. Kh4 Rd3 32. Rb5 b6 33. a4 Rdxe3 34. Rxe3 Rxe3 35. a5 bxa5 36. Rxa5 Rxb3 37. Rxa7 Rc3 38. Ra5 Rxc4 39. Kg3 Kg7 40. Kf4 e3+ 41. Kf3 Kg6 42. Kxe3 Rxg4 43. Kf3 Rb4 44. Rc5 f6 45. Ra5 Rb1 46. Kg3 Rf1 47. Rb5 Rf5 48. Rb4 Rc5 49. Ra4 Kf5 50. Rf4+ Ke5 51. Ra4 Rc3+ 52. Kf2 f5 53. Rb4 Kf6 54. Ra4 Kg5 55. Rb4 Rc2+ 56. Kf3 Rc3+ 1/2-1/2

[Event "SWE-chT 1920 Elite"]
[Site "Sweden"]
[Date "2020.02.01"]
[Round "5"]
[White "Ong, Kezli"]
[Black "Wedberg, Tom"]
[Result "1-0"]
[WhiteElo "2314"]
[BlackElo "2417"]
[PlyCount "71"]
[EventDate "2019.10.18"]
[EventType "team-tourn"]
[EventRounds "9"]
[EventCountry "SWE"]
[SourceTitle "EXT 2023"]
[Source "ChessBase"]
[SourceDate "2022.10.05"]
[SourceVersion "1"]
[SourceVersionDate "2022.10.05"]
[SourceQuality "1"]
[WhiteTeam "Farsta"]
[BlackTeam "Wasa"]
[WhiteTeamCountry "SWE"]
[BlackTeamCountry "SWE"]

1. e4 e5 2. Nf3 Nc6 3. Bb5 a6 4. Ba4 Nge7 5. 0-0 g6 6. c3 Bg7 7. d4 exd4 8. cxd4 b5 9. Bb3 d6 10. h3 0-0 11. Nc3 Na5 12. Bc2 Bb7 13. Bg5 h6 14. Bh4 Qd7 15. Re1 Nc4 16. b3 Nb6 17. Qd3 Nc6 18. Qd2 Rae8 19. Rac1 d5 20. e5 Nd8 21. Nh2 h5 22. f4 f5 23. exf6 Bxf6 24. Nf3 Qg7 25. Rxe8 Rxe8 26. Bxf6 Qxf6 27. Ne5 Bc8 28. Nxg6 Bf5 29. Bxf5 Qxf5 30. Ne5 Ne6 31. Ne2 Qe4 32. Kh2 Nc8 33. Ng3 Qxd4 34. Qxd4 Nxd4 35. Nxh5 Re7 36. Nf6+ 1-0

[Event "SWE-chT 1819 Elite"]
[Site "Sweden"]
[Date "2019.03.31"]
[Round "9.5"]
[White "Ong, Kezli"]
[Black "Schutz, Ingemar"]
[Result "1-0"]
[WhiteElo "2330"]
[BlackElo "2211"]
[PlyCount "93"]
[EventDate "2018.11.09"]
[EventType "team-tourn"]
[EventRounds "9"]
[EventCountry "SWE"]
[SourceTitle "CBM 189 Extra"]
[Source "ChessBase"]
[SourceDate "2019.06.03"]
[SourceVersion "1"]
[SourceVersionDate "2019.06.03"]
[SourceQuality "1"]
[WhiteTeam "Farsta"]
[BlackTeam "Norrkoping Schack 08"]
[WhiteTeamCountry "SWE"]
[BlackTeamCountry "SWE"]

1. e4 c5 2. Nf3 d6 3. Bb5+ Nc6 4. 0-0 Bd7 5. Re1 a6 6. Bf1 Nf6 7. c3 Bg4 8. h3 Bh5 9. g4 Bg6 10. d4 e5 11. dxe5 dxe5 12. Qc2 Be7 13. a4 h5 14. g5 Nh7 15. Rd1 Qc7 16. Na3 Rd8 17. Be3 Rxd1 18. Rxd1 h4 19. Nxh4 Bh5 20. Rd5 Nxg5 21. Bxg5 Bxg5 22. Nf5 Ne7 23. Nxe7 Qxe7 24. Nc4 Bf4 25. Nd6+ Kf8 26. Qd3 g6 27. Nxf7 Qxf7 28. Rd8+ Kg7 29. Rd7 Rf8 30. Rxf7+ Rxf7 31. Qd6 Kh6 32. Bc4 Rg7 33. Qxc5 Bf3 34. Qd5 g5 35. Kf1 g4 36. Be2 Bxe2+ 37. Kxe2 g3 38. fxg3 Rxg3 39. Qxb7 Rxh3 40. Qxa6+ Kg5 41. Qb7 Bc1 42. Kd1 Be3 43. a5 Rh2 44. a6 Kf4 45. a7 Kf3 46. a8Q Rd2+ 47. Kc1 1-0

[Event "SWE-chT 1819 Elite"]
[Site "Sweden"]
[Date "2019.03.09"]
[Round "6"]
[White "Ong, Kezli"]
[Black "Neiksans, Arturs"]
[Result "0-1"]
[WhiteElo "2330"]
[BlackElo "2553"]
[PlyCount "156"]
[EventDate "2018.11.09"]
[EventType "team-tourn"]
[EventRounds "9"]
[EventCountry "SWE"]
[SourceTitle "EXT 2021"]
[Source "ChessBase"]
[SourceDate "2020.10.23"]
[SourceVersion "1"]
[SourceVersionDate "2020.10.23"]
[SourceQuality "1"]
[WhiteTeam "Farsta"]
[BlackTeam "Stockholm Rockaden"]
[WhiteTeamCountry "SWE"]
[BlackTeamCountry "SWE"]

1. e4 c5 2. Nf3 e6 3. d4 cxd4 4. Nxd4 Nc6 5. Nc3 Qc7 6. Be2 a6 7. 0-0 Nf6 8. Be3 Bb4 9. Na4 Be7 10. Nxc6 bxc6 11. Nb6 Rb8 12. Nxc8 Qxc8 13. Bd4 c5 14. Be5 Rb6 15. Qd3 d6 16. Bc3 0-0 17. b3 Qc6 18. e5 Nd5 19. exd6 Qxd6 20. Bb2 Qc7 21. Rfd1 Bd6 22. g3 Be5 23. c3 Rd6 24. Qf3 Rfd8 25. Rd3 g6 26. Rad1 Kg7 27. Kg2 a5 28. h4 h5 29. Qe4 Bf6 30. Bf3 Nxc3 31. Bxc3 Bxc3 32. Rxd6 Rxd6 33. Rxd6 Qxd6 34. Qc4 Bb4 35. a4 Qd2 36. Qe2 Qc3 37. Qc4 Qb2 38. Be2 Qe5 39. Bf3 Bc3 40. Qe4 Qd6 41. Qc4 Qd2 42. Qe2 Qc1 43. Qd1 Qb2 44. Be4 Bd4 45. Qc2 Qa3 46. Bf3 Qb4 47. Kf1 Bc3 48. Be2 Bf6 49. Bf3 Bd4 50. Qd3 e5 51. Bd5 f5 52. Qc2 e4 53. Qe2 Qc3 54. Kg2 Kh6 55. Bf7 Kg7 56. Bd5 Qb4 57. Kh3 Qb6 58. Kg2 Qd6 59. Bb7 Qe7 60. Bc6 Qe6 61. Qb5 e3 62. Qb7+ Kh6 63. fxe3 Qxe3 64. Qf7 Qf2+ 65. Kh3 Qf1+ 66. Bg2 Qd1 67. Bc6 Qf1+ 68. Bg2 Qe2 69. Bc6 Bg7 70. Bb7 Qf1+ 71. Bg2 Qd1 72. Bc6 Qd6 73. Bg2 Be5 74. Qg8 Qf6 75. Qd5 f4 76. g4 hxg4+ 77. Kxg4 f3 78. Qd2+ Bf4 0-1

[Event "SWE-chT 1819 Elite"]
[Site "Sweden"]
[Date "2019.01.12"]
[Round "4.1"]
[White "Ong, Kezli"]
[Black "Amin, Bassem"]
[Result "0-1"]
[WhiteElo "2330"]
[BlackElo "2709"]
[PlyCount "108"]
[EventDate "2018.11.09"]
[EventType "team-tourn"]
[EventRounds "9"]
[EventCountry "SWE"]
[SourceTitle "CBM 189 Extra"]
[Source "ChessBase"]
[SourceDate "2019.06.03"]
[SourceVersion "1"]
[SourceVersionDate "2019.06.03"]
[SourceQuality "1"]
[WhiteTeam "Farsta"]
[BlackTeam "Wasa"]
[WhiteTeamCountry "SWE"]
[BlackTeamCountry "SWE"]

1. e4 e5 2. Nf3 Nc6 3. Bb5 a6 4. Ba4 Nf6 5. 0-0 Be7 6. Re1 b5 7. Bb3 d6 8. c3 0-0 9. h3 Nb8 10. d4 Nbd7 11. Nbd2 Bb7 12. Bc2 Re8 13. Nf1 Bf8 14. Ng3 g6 15. a4 c5 16. d5 c4 17. Bg5 h6 18. Be3 Nc5 19. Qd2 h5 20. Ra3 Nfd7 21. Rea1 Qc7 22. Qe2 Nb6 23. axb5 axb5 24. Nh2 Rxa3 25. Rxa3 Bc8 26. Qd2 Nba4 27. Ra2 Bd7 28. Ngf1 Bg7 29. g4 hxg4 30. hxg4 Rb8 31. Ng3 Qc8 32. f3 Qb7 33. Ne2 b4 34. Bxa4 Nxa4 35. cxb4 Qxb4 36. Qxb4 Rxb4 37. Bc1 f5 38. gxf5 gxf5 39. Kf2 Nc5 40. exf5 Bxf5 41. Kg3 Nd3 42. Ng4 Bxg4 43. fxg4 Rb3 44. Kh4 Kh7 45. Ra4 Kg6 46. Rxc4 Nxc1 47. Nxc1 Bf6+ 48. g5 Bxg5+ 49. Kg4 Rxb2 50. Nd3 Rg2+ 51. Kf3 Rd2 52. Nb4 Kf5 53. Rc8 e4+ 54. Kg3 Bf4+ 0-1

[Event "SWE-chT 1718 Elite"]
[Site "Sweden"]
[Date "2018.02.24"]
[Round "6"]
[White "Engqvist, Thomas"]
[Black "Ong, Kezli"]
[Result "0-1"]
[WhiteElo "2352"]
[BlackElo "2291"]
[PlyCount "146"]
[EventDate "2017.10.20"]
[EventType "team-tourn"]
[EventRounds "9"]
[EventCountry "SWE"]
[SourceTitle "EXT 2019"]
[Source "ChessBase"]
[SourceDate "2018.10.10"]
[SourceVersion "1"]
[SourceVersionDate "2018.10.10"]
[SourceQuality "1"]
[WhiteTeam "Stockholm Rockaden"]
[BlackTeam "Farsta"]
[WhiteTeamCountry "SWE"]
[BlackTeamCountry "SWE"]

1. e4 e5 2. Nf3 Nc6 3. Bb5 a6 4. Ba4 Nf6 5. 0-0 Be7 6. Bxc6 dxc6 7. Qe1 Nd7 8. b3 0-0 9. Bb2 Bd6 10. Nc3 Re8 11. Ne2 c5 12. d3 Nb8 13. Ng3 Nc6 14. c3 a5 15. a4 Be6 16. Qd1 Bf8 17. Qc2 Qd7 18. Bc1 Red8 19. Ne1 Ra6 20. Rb1 Rb6 21. f4 exf4 22. Bxf4 Bd6 23. Ne2 Bxf4 24. Nxf4 Ne5 25. Qf2 Rxb3 26. Rxb3 Bxb3 27. Qxc5 Ng6 28. Qxa5 b6 29. Qb4 Bxa4 30. Nd5 Bc6 31. Ne3 Ra8 32. Nf5 h6 33. c4 Kh7 34. Qc3 f6 35. Nc2 Rd8 36. Nb4 Bb7 37. Rf3 Ne5 38. Re3 Ra8 39. h3 Qa4 40. Qd2 Bc8 41. Nd5 Bxf5 42. exf5 Qb3 43. d4 Nxc4 44. Nxf6+ Kh8 45. Rxb3 Nxd2 46. Rd3 Ra1+ 47. Kf2 Ra2 48. Nd5 Ra5 49. Ne7 Ne4+ 50. Kf3 Nd6 51. Kf4 Kh7 52. g4 Ra1 53. Re3 Rd1 54. d5 b5 55. h4 Rd4+ 56. Kf3 Nc4 57. Re6 b4 58. Ra6 Nb6 59. Ra1 b3 60. Rb1 Nc4 61. Re1 b2 62. Ng6 Nd2+ 63. Ke3 Re4+ 64. Kxd2 Rxe1 65. Kxe1 b1Q+ 66. Kf2 Qa2+ 67. Kg3 Qxd5 68. Kf4 Qd4+ 69. Kf3 c5 70. g5 hxg5 71. hxg5 c4 72. Nf4 c3 73. Kg4 c2 0-1

[Event "SWE-chT 1617"]
[Site "Sweden"]
[Date "2017.03.04"]
[Round "6.4"]
[White "Ong, Kezli"]
[Black "Nithander, Victor"]
[Result "1/2-1/2"]
[WhiteElo "2288"]
[BlackElo "2427"]
[PlyCount "113"]
[EventDate "2016.10.14"]
[EventType "team-tourn"]
[EventRounds "9"]
[EventCountry "SWE"]
[SourceTitle "CBM 177 Extra"]
[Source "ChessBase"]
[SourceDate "2017.04.27"]
[SourceVersion "1"]
[SourceVersionDate "2017.04.27"]
[SourceQuality "1"]
[WhiteTeam "Farsta"]
[BlackTeam "Viking Team"]
[WhiteTeamCountry "SWE"]
[BlackTeamCountry "SWE"]

1. e4 d6 2. d4 Nf6 3. Nc3 g6 4. Nf3 Bg7 5. Be2 0-0 6. 0-0 a6 7. a4 b6 8. e5 Nfd7 9. e6 fxe6 10. Ng5 Nf6 11. Re1 d5 12. Bf1 c5 13. Nxe6 Bxe6 14. Rxe6 Qd7 15. Rxb6 cxd4 16. Qxd4 Ng4 17. Qxd5+ Qxd5 18. Nxd5 Bd4 19. Be3 Nxe3 20. fxe3 Bxb6 21. Nxb6 Ra7 22. Bc4+ Kg7 23. c3 Nc6 24. b4 Ne5 25. Bd5 e6 26. Bb3 a5 27. Rd1 Rb8 28. Rd6 Ra6 29. bxa5 Rxa5 30. Rxe6 Rc5 31. Ba2 Rxc3 32. Rxe5 Rxb6 33. Bd5 Ra3 34. Re7+ Kf6 35. Rxh7 Rxa4 36. h3 Rb2 37. Bf3 Ra3 38. e4 Re3 39. Rh8 Kg7 40. Rc8 Kf6 41. Kh2 Rb4 42. Rc6+ Kf7 43. Ra6 Kg7 44. Ra2 Rbb3 45. Ra7+ Kf6 46. Ra6+ Kg7 47. Ra5 Kf6 48. h4 Ra3 49. Rg5 Rac3 50. Rg3 Ra3 51. Kh3 Re1 52. Rg4 Rh1+ 53. Kg3 Ra5 54. Rf4+ Kg7 55. Rg4 Kf6 56. Rf4+ Kg7 57. Rg4 1/2-1/2

[Event "SWE-chT 1415 Elite"]
[Site "Sweden"]
[Date "2015.03.07"]
[Round "6"]
[White "Karlsson, Lars"]
[Black "Ong, Kezli"]
[Result "0-1"]
[WhiteElo "2434"]
[BlackElo "2258"]
[PlyCount "74"]
[EventDate "2014.11.21"]
[EventType "team-tourn"]
[EventRounds "9"]
[EventCountry "SWE"]
[SourceTitle "EXT 2018"]
[Source "ChessBase"]
[SourceDate "2017.10.13"]
[SourceVersion "1"]
[SourceVersionDate "2017.10.13"]
[SourceQuality "1"]
[WhiteTeam "Stockholm Rockaden"]
[BlackTeam "Farsta"]
[WhiteTeamCountry "SWE"]
[BlackTeamCountry "SWE"]

1. b3 g6 2. Bb2 Nf6 3. Bxf6 exf6 4. c4 Bg7 5. Nc3 f5 6. Rc1 b6 7. g3 Bb7 8. Nd5 c6 9. Nf4 c5 10. Nd5 Bxd5 11. cxd5 d6 12. e3 0-0 13. Ne2 b5 14. d4 Na6 15. Qd2 Rc8 16. dxc5 dxc5 17. Bg2 Qb6 18. 0-0 Rfd8 19. Rfd1 Nc7 20. Nf4 Ne8 21. d6 Rxd6 22. Nd5 Qd8 23. Qe2 a6 24. a4 bxa4 25. bxa4 Nf6 26. Nxf6+ Bxf6 27. Rxd6 Qxd6 28. Rd1 Qb6 29. Qc4 Rc7 30. h4 h5 31. Qf4 Kg7 32. Bf1 Re7 33. Rd6 Qb4 34. Qxb4 cxb4 35. Bxa6 b3 36. Bd3 b2 37. a5 Rc7 0-1

[Event "SWE-chT 1314"]
[Site "Sweden"]
[Date "2014.02.22"]
[Round "6.4"]
[White "Thorgeirsson, Sverrir"]
[Black "Ong, Kezli"]
[Result "0-1"]
[WhiteElo "2217"]
[BlackElo "2245"]
[PlyCount "102"]
[EventDate "2013.11.22"]
[EventType "team-tourn"]
[EventRounds "9"]
[EventCountry "SWE"]
[SourceTitle "EXT 2015"]
[Source "ChessBase"]
[SourceDate "2014.11.20"]
[SourceVersion "1"]
[SourceVersionDate "2014.11.20"]
[SourceQuality "1"]
[WhiteTeam "Upsala"]
[BlackTeam "Farsta"]
[WhiteTeamCountry "SWE"]
[BlackTeamCountry "SWE"]

1. d4 Nf6 2. c4 e6 3. Nc3 Bb4 4. Qc2 0-0 5. g3 c5 6. dxc5 Bxc5 7. Bg2 Nc6 8. Nf3 d5 9. cxd5 Nb4 10. Qb3 Nbxd5 11. 0-0 Nxc3 12. Qxc3 Qb6 13. Qc2 Bd7 14. Ne5 Bb5 15. Nc4 Qa6 16. b3 Bc6 17. Bxc6 Qxc6 18. Bb2 Rac8 19. Bxf6 gxf6 20. Qb2 Kg7 21. Rac1 b5 22. Nd2 Qd5 23. Rfd1 Rfd8 24. Qb1 Qe5 25. Ne4 Rxd1+ 26. Rxd1 Bb6 27. e3 f5 28. Nd2 Bxe3 29. fxe3 Qxe3+ 30. Kf1 Rd8 31. Qc2 Rd5 32. a4 a6 33. Qb2+ Kg6 34. Qc1 h5 35. axb5 axb5 36. Qc2 Rd4 37. Qc1 h4 38. Qc8 Rxd2 39. Qg8+ Kf6 40. Qh8+ Ke7 41. Qxh4+ Kd7 42. Rxd2+ Qxd2 43. b4 Qd1+ 44. Kf2 Qg4 45. Qf6 Qxb4 46. h4 Qc5+ 47. Ke2 b4 48. Qxf7+ Qe7 49. Qxe7+ Kxe7 50. Kd3 e5 51. Kc4 f4 0-1

[Event "SWE-chT 1314"]
[Site "Sweden"]
[Date "2013.11.24"]
[Round "3.2"]
[White "Lin, Michael"]
[Black "Ong, Kezli"]
[Result "1-0"]
[WhiteElo "2050"]
[BlackElo "2245"]
[PlyCount "113"]
[EventDate "2013.11.22"]
[EventType "team-tourn"]
[EventRounds "9"]
[EventCountry "SWE"]
[SourceTitle "CBM 157 Extra"]
[Source "ChessBase"]
[SourceDate "2013.12.19"]
[SourceVersion "1"]
[SourceVersionDate "2013.12.19"]
[SourceQuality "1"]
[WhiteTeam "Lunds"]
[BlackTeam "Farsta"]
[WhiteTeamCountry "SWE"]
[BlackTeamCountry "SWE"]

1. e4 e5 2. Nf3 Nc6 3. Bb5 a6 4. Ba4 Nf6 5. 0-0 Be7 6. Re1 b5 7. Bb3 0-0 8. h3 Bb7 9. d3 d6 10. a3 h6 11. Nbd2 Re8 12. Nf1 Bf8 13. Ng3 d5 14. exd5 Nxd5 15. Bd2 Nf4 16. Ne2 Ng6 17. Ng3 Qd7 18. Ne4 Nf4 19. Be3 Rad8 20. Kh2 Qf5 21. Nh4 Qc8 22. Qf3 Nd4 23. Bxd4 Rxd4 24. Qg3 Bxe4 25. dxe4 Qd7 26. Nf5 Rd6 27. Nxd6 Bxd6 28. Rad1 Qe7 29. Rd2 g6 30. c4 b4 31. Red1 bxa3 32. c5 Bxc5 33. Rd7 Qf6 34. Rxf7 Qxf7 35. Bxf7+ Kxf7 36. Rd7+ Re7 37. Rxe7+ Bxe7 38. bxa3 Ne6 39. Qd3 Nc5 40. Qc4+ Kf6 41. a4 Bd6 42. a5 h5 43. h4 g5 44. hxg5+ Kxg5 45. g3 h4 46. Qg8+ Kf6 47. Qh8+ Kg6 48. Qxh4 Nb7 49. Qg4+ Kf6 50. Qf5+ Ke7 51. f4 Nxa5 52. fxe5 Bb4 53. Qf6+ Kd7 54. e6+ Kc6 55. e7+ Kd7 56. Qf7 Bxe7 57. Qd5+ 1-0

[Event "SWE-chT 1314"]
[Site "Sweden"]
[Date "2013.11.22"]
[Round "1.4"]
[White "Engqvist, Thomas"]
[Black "Ong, Kezli"]
[Result "1/2-1/2"]
[WhiteElo "2338"]
[BlackElo "2245"]
[PlyCount "99"]
[EventDate "2013.11.22"]
[EventType "team-tourn"]
[EventRounds "9"]
[EventCountry "SWE"]
[SourceTitle "CBM 157 Extra"]
[Source "ChessBase"]
[SourceDate "2013.12.19"]
[SourceVersion "1"]
[SourceVersionDate "2013.12.19"]
[SourceQuality "1"]
[WhiteTeam "Stockholm Rockaden"]
[BlackTeam "Farsta"]
[WhiteTeamCountry "SWE"]
[BlackTeamCountry "SWE"]

1. e4 e5 2. Nf3 Nc6 3. Bb5 a6 4. Ba4 Nf6 5. 0-0 Be7 6. Bxc6 dxc6 7. Qe1 Nd7 8. b3 0-0 9. Bb2 f6 10. d4 Bd6 11. Nbd2 Re8 12. dxe5 Nxe5 13. Nxe5 Bxe5 14. Bxe5 fxe5 15. Nc4 Qg5 16. Qc3 Bg4 17. Qg3 Qf4 18. Qxf4 exf4 19. f3 Bd7 20. Rad1 Rad8 21. Na5 Bc8 22. g3 fxg3 23. hxg3 g5 24. Kf2 Kg7 25. Ke3 h5 26. Rxd8 Rxd8 27. Rh1 Rh8 28. f4 Kf6 29. Nc4 Be6 30. Ne5 c5 31. Nf3 gxf4+ 32. gxf4 Bf7 33. Rg1 h4 34. e5+ Ke7 35. f5 h3 36. c4 Be8 37. Rg7+ Kf8 38. f6 Bf7 39. Rg1 b5 40. Ng5 bxc4 41. e6 Bxe6 42. Nxe6+ Kf7 43. Nxc5 h2 44. Rh1 cxb3 45. Nxb3 Rh3+ 46. Kf4 Kxf6 47. Nd4 Ke7 48. Kg4 Ra3 49. Nf3 Rxa2 50. Nxh2 1/2-1/2

[Event "SWE-chT2 1213"]
[Site "Sweden"]
[Date "2013.02.23"]
[Round "6"]
[White "Landgren, Andreas"]
[Black "Ong, Kezli"]
[Result "0-1"]
[WhiteElo "2202"]
[BlackElo "2254"]
[PlyCount "50"]
[EventDate "2012.10.20"]
[EventType "team-tourn"]
[EventRounds "9"]
[EventCountry "SWE"]
[SourceTitle "EXT 2015"]
[Source "ChessBase"]
[SourceDate "2014.11.20"]
[SourceVersion "1"]
[SourceVersionDate "2014.11.20"]
[SourceQuality "1"]
[WhiteTeam "Solna"]
[BlackTeam "Farsta"]
[WhiteTeamCountry "SWE"]
[BlackTeamCountry "SWE"]

1. d4 Nf6 2. c4 e6 3. Nc3 Bb4 4. Qc2 0-0 5. a3 Bxc3+ 6. Qxc3 b6 7. Nf3 Bb7 8. e3 Ne4 9. Qc2 f5 10. Be2 d6 11. 0-0 Nd7 12. b4 Rf6 13. Bb2 Rh6 14. d5 e5 15. Rad1 Qe7 16. g3 Rf8 17. Ne1 Rff6 18. Bd3 Rh3 19. f3 Nxg3 20. hxg3 Rxg3+ 21. Kf2 Rh6 22. Ke2 Rh2+ 23. Rf2 Qh4 24. Kf1 Rg1+ 25. Kxg1 Rh1+ 0-1

[Event "SWE-chT2 1213"]
[Site "Sweden"]
[Date "2012.10.20"]
[Round "1"]
[White "Vaarala, Eric"]
[Black "Ong, Kezli"]
[Result "1-0"]
[WhiteElo "2225"]
[BlackElo "2254"]
[PlyCount "36"]
[EventDate "2012.10.20"]
[EventType "team-tourn"]
[EventRounds "9"]
[EventCountry "SWE"]
[SourceTitle "EXT 2015"]
[Source "ChessBase"]
[SourceDate "2014.11.20"]
[SourceVersion "1"]
[SourceVersionDate "2014.11.20"]
[SourceQuality "1"]
[WhiteTeam "Sollentuna"]
[BlackTeam "Farsta"]
[WhiteTeamCountry "SWE"]
[BlackTeamCountry "SWE"]

1. c4 e5 2. Nc3 Nf6 3. Nf3 Nc6 4. d4 exd4 5. Nxd4 Bb4 6. g3 d5 7. Bg2 0-0 8. 0-0 Nxd4 9. Qxd4 c5 10. Qh4 dxc4 11. Rd1 Qa5 12. Ne4 Ng4 13. h3 Ne5 14. Nf6+ gxf6 15. Qxf6 Qb6 16. Rd6 Qxd6 17. Qxd6 f6 18. Bd5+ Rf7 1-0

[Event "SWE-chT2 1112"]
[Site "Sweden"]
[Date "2012.03.10"]
[Round "8"]
[White "Svensson, Anders"]
[Black "Ong, Kezli"]
[Result "0-1"]
[WhiteElo "2259"]
[BlackElo "2239"]
[PlyCount "86"]
[EventDate "2011.10.22"]
[EventType "team-tourn"]
[EventRounds "9"]
[EventCountry "SWE"]
[SourceTitle "EXT 2013"]
[Source "ChessBase"]
[SourceDate "2012.11.22"]
[SourceVersion "1"]
[SourceVersionDate "2012.11.22"]
[SourceQuality "1"]
[WhiteTeam "Rodeby"]
[BlackTeam "Farsta"]
[WhiteTeamCountry "SWE"]
[BlackTeamCountry "SWE"]

1. c4 e5 2. g3 Nf6 3. Bg2 d5 4. cxd5 Nxd5 5. Nf3 Nc6 6. 0-0 Be7 7. d4 exd4 8. Nxd4 Nxd4 9. Qxd4 Nf6 10. Qa4+ Qd7 11. Qc2 c6 12. e4 0-0 13. Be3 Ng4 14. Bf4 Qe6 15. Nc3 g5 16. Bd2 Qh6 17. h3 Ne5 18. h4 Qh5 19. Bxg5 Bxg5 20. hxg5 Ng4 21. Rfe1 Qxg5 22. Nd1 Qh5 23. Ne3 Qh2+ 24. Kf1 Nxe3+ 25. Rxe3 Bh3 26. Bxh3 Qh1+ 27. Ke2 Qxa1 28. Bf5 Rad8 29. e5 Rd4 30. Bxh7+ Kg7 31. Bd3 Qxa2 32. f4 Rb4 33. Kf3 Rxb2 34. Qc3 Rf2+ 35. Kg4 Qb2 36. Qc5 Rg8 37. Qe7 Qd4 38. Kf5 Qd8 39. Qc5 Qd7+ 40. e6 fxe6+ 41. Kg4 Kf6+ 42. Kh3 Rh8+ 43. Kg4 e5+ 0-1

[Event "SWE-chT2 1112"]
[Site "Sweden"]
[Date "2012.02.05"]
[Round "6"]
[White "Glimbrant, Torbjorn"]
[Black "Ong, Kezli"]
[Result "1/2-1/2"]
[WhiteElo "2250"]
[BlackElo "2239"]
[PlyCount "97"]
[EventDate "2011.10.22"]
[EventType "team-tourn"]
[EventRounds "9"]
[EventCountry "SWE"]
[SourceTitle "EXT 2013"]
[Source "ChessBase"]
[SourceDate "2012.11.22"]
[SourceVersion "1"]
[SourceVersionDate "2012.11.22"]
[SourceQuality "1"]
[WhiteTeam "Upsala"]
[BlackTeam "Farsta"]
[WhiteTeamCountry "SWE"]
[BlackTeamCountry "SWE"]

1. Nf3 Nf6 2. c4 e6 3. Nc3 Bb4 4. Qc2 0-0 5. a3 Bxc3 6. Qxc3 b6 7. e3 Bb7 8. Be2 d6 9. b4 Nbd7 10. Bb2 c5 11. 0-0 Rc8 12. Rfd1 Qe7 13. d4 Ne4 14. Qc2 f5 15. Nd2 Qh4 16. Nxe4 fxe4 17. g3 Qf6 18. Bg4 Qg6 19. Qe2 cxd4 20. Bxd4 Rf3 21. Bxf3 exf3 22. Qf1 e5 23. Bb2 Qe6 24. Rac1 Nf6 25. h3 Ne4 26. c5 bxc5 27. bxc5 Rxc5 28. Rxc5 Nxc5 29. Kh2 Ba6 30. Qe1 Nd3 31. Qd2 h5 32. Ba1 Kh8 33. e4 Bc8 34. g4 hxg4 35. Qxd3 g3+ 36. Kg1 Qxh3 37. Qxf3 Qh2+ 38. Kf1 Ba6+ 39. Ke1 Qg1+ 40. Kd2 Qxf2+ 41. Qxf2 gxf2 42. Bc3 f1Q 43. Rxf1 Bxf1 44. Bb4 Bg2 45. Bxd6 Bxe4 46. Bxe5 Kh7 47. Bb8 a6 48. Ke3 Bc6 49. Bf4 1/2-1/2